[Event "Barcelona Sant Marti op-B 18th"]
[Site "Barcelona"]
[Date "2016.07.18"]
[Round "6.17"]
[White "Khachatryan, Tigran V"]
[Black "Lozano Ruiz, David"]
[Result "1-0"]
[WhiteElo "1936"]
[BlackElo "1796"]
[PlyCount "69"]
[EventDate "2016.07.13"]
[EventType "swiss"]
[EventRounds "9"]
[EventCountry "ESP"]
[SourceTitle "EXT 2024"]
[Source "ChessBase"]
[SourceDate "2023.10.10"]
[SourceVersion "1"]
[SourceVersionDate "2023.10.10"]
[SourceQuality "1"]

1. e4 e6 2. d4 d5 3. Nc3 Nf6 4. Bg5 dxe4 5. Nxe4 Be7 6. Bxf6 gxf6 7. Nf3 f5 8. Ng3 c5 9. Bb5+ Bd7 10. Bxd7+ Qxd7 11. 0-0 cxd4 12. Nxd4 Nc6 13. Nxc6 Qxc6 14. Qd4 Rg8 15. Rad1 a6 16. Rfe1 Rd8 17. Qe5 Bd6 18. Qf6 f4 19. Ne4 Be7 20. Rxd8+ Bxd8 21. Qxf4 Kf8 22. Qh6+ Rg7 23. Qd2 Be7 24. g3 h5 25. Qf4 f5 26. Nc3 h4 27. Qh6 Kf7 28. Ne2 hxg3 29. hxg3 Bg5 30. Qh5+ Kg8 31. Nd4 Qd5 32. Rxe6 Be7 33. Rh6 Rxg3+ 34. fxg3 Qxd4+ 35. Kf1 1-0

[Event "Llobregat Garcia Memorial 7th"]
[Site "Llobregat"]
[Date "2016.04.16"]
[Round "2"]
[White "Valbuena Castro, Gregorio"]
[Black "Khachatryan, Tigran V"]
[Result "0-1"]
[WhiteElo "1727"]
[BlackElo "1922"]
[PlyCount "36"]
[EventDate "2016.04.09"]
[EventType "swiss"]
[EventRounds "9"]
[EventCountry "ESP"]
[SourceTitle "EXT 2017"]
[Source "ChessBase"]
[SourceDate "2016.10.25"]
[SourceVersion "1"]
[SourceVersionDate "2016.10.25"]
[SourceQuality "1"]

1. e4 g6 2. d4 Bg7 3. Nf3 d6 4. Nc3 c6 5. Bc4 b5 6. Bb3 Nf6 7. e5 dxe5 8. Nxe5 0-0 9. Be3 b4 10. Na4 Nd5 11. Qf3 Qd6 12. Nxc6 Nxe3 13. Nxe7+ Qxe7 14. Qxa8 Nxc2+ 15. Kd2 Nxa1 16. Rxa1 Bh6+ 17. Kd1 Bb7 18. Qxa7 Bf3+ 0-1